Historical Rulers #1 - Statistics

General Stats
  • This quiz has been taken 59 times
  • The average score is 23 of 30
Answer Stats
Ruler Nation/Empire % Correct
2) Tutankhamun Egypt
100%
8) Cleopatra Egypt
100%
3) Genghis Khan Mongol
100%
1) Julius Caesar Rome
100%
15) Napoleon Bonaparte France
98%
26) Kim Jong Un North Korea
98%
27) Hirohito Japan
97%
12) Qin Shi Huang China
95%
5) Queen Victoria United Kingdom
95%
18) Isabella I of Castile Spain
93%
21) Catherine II Russia
91%
13) Vladimir Lenin Soviet Union
91%
17) Franz Ferdinand Austria
84%
16) William I of Normandy England
84%
6) Alexander the Great Macedon
81%
10) King Solomon Israel
79%
7) Xerxes I Persia
79%
24) Haile Selassie I Ethiopia
78%
9) Moctezuma II Aztec
76%
4) Leonidas Sparta
76%
22) Osman I Ottoman
72%
19) Hannibal Carthage
71%
20) Harald Fairhair Norway
66%
25) Mansa Musa Mali
62%
14) Atahualpa Inca
60%
11) Nebuchadnezzar II Babylon
55%
30) Prince Albert II Monaco
50%
29) Akbar the Great Mughal
40%
23) Suryavarman II Khmer
16%
28) Raden Wijaya Majapahit
7%
No matching quizzes found
Score Distribution
Percent of People with Each Score
Percentile by Number Answered
Your Score History
You have not taken this quiz